000 00717nam a2200253Ia 4500
003 OSt
005 20220928121518.0
006 a|||||r|||| 00| 0
007 ta
008 220927b |||||||| |||| 00| 0 eng d
024 _a21139
037 _cTextual
040 _aSDCL
_cSDCL
_beng
041 _2eng
_aeng
082 _aS:4-86, P6
100 _aChadwick Paul
_9452858
245 0 _aCognitive therapy for delusions, voices and paranoia
260 _aChichester
_bJohn Wiley
_c2006
300 _axiii,212p.
_ccm.
490 _aWiley series in clinical psychology
650 _aPsychotherapy- Paranoia
_9452859
942 _hS:4-86, P6
_cTEXL
_2CC
999 _c766804
_d766804